Dictator by Downfall - Statistics

General Stats
  • This quiz has been taken 3 times
  • The average score is 6 of 15
Answer Stats
Downfall Dictator % Correct
Committed suicide by gunshot, April 1945. Adolf Hitler
100%
Assassinated by stabbing, March 44 BC. Julius Caesar
100%
Died from an unknown illness, June 323 BC. Alexander the Great
67%
Arrested after a no confidence vote by the Grand Council, July 1943. Benito Mussolini
67%
Life support disconnected following kidney failure, August 2003. Idi Amin
67%
Abdicated after military losses, June 1815. Napoleon Bonaparte
67%
Died from incurable disease of the blood vessels, January 1924. Vladimir Lenin
67%
Voted out of power after a failed self-coup, March 1990. Augusto Pinochet
33%
Abdicated due to deteriorating health, February 2008. Fidel Castro
33%
Captured and removed from office by the US military, January 2026. Nicolás Maduro
33%
Died from a heart attack, September 1970. Gamal Abdel Nasser
0%
Died from Waldenström's macroglobulinemia, December 1978. Houari Boumédiène
0%
Died when his plane was hit by a missile attack, April 1994. Juvénal Habyarimana
0%
Abdicated after Russian intervention, August 1849. Lajos Kossuth
0%
Assassinated by gunshot, October 1979. Park Chung Hee
0%
No matching quizzes found
Score Distribution
Percent of People with Each Score
Percentile by Number Answered
Your Score History
You have not taken this quiz